| 000 | 01201cad a22002415a 4500 | ||
|---|---|---|---|
| 001 | E150167 | ||
| 008 | 100609s2010 xxk f s000 0 eng d | ||
| 020 | _a9780755983063 | ||
| 035 | _a(Sirsi) u150167 | ||
| 041 | 0 | _aeng | |
| 050 | 0 | 4 | _a614.76 $2 18 |
| 110 | 2 |
_aScotland _bScottish Government _95344 |
|
| 245 | 0 | 0 |
_aScotland's zero waste plan _h[electronic resource] |
| 260 |
_aEdinburgh _bScottish Government _c2010 |
||
| 505 | 2 | _aMinisterial foreword -- Introduction -- Mission and vision -- Areas of action: resource streams; economic opportunity; resource management sector; education and awareness -- Conclusions and delivery | |
| 520 | _aSets out a framework to enable the delivery of a zero waste Scotland over the next 10 years. Includes a long term Mission and Vision, as well as setting strategic directions in the main areas of activity for the medium term, and highlighting immediate priorities. | ||
| 521 | _aAdvanced | ||
| 590 | _aKA | ||
| 651 | 4 |
_aScotland _y1999- |
|
| 690 | _aENVIRONMENTAL AND LAND CONSULTANCY-WASTE MANAGEMENT | ||
| 856 | 4 | 0 |
_uhttps://www.scotland.gov.uk/Publications/2010/06/08092645/0 _zView the Plan free of charge at www.scotland.gov.uk... |
| 942 | _n0 | ||
| 999 |
_c110767 _d110767 |
||